00490nam a2200169Ia 4500008004100000082001500041100002900056245002400085250000800109260002500117300001100142500002400153650001500177942000700192952010400199999001700303230524s9999 xx 000 0 und d a681.2bDOE aErnest O.Doebelin922124 0aMeasurement Systems a4TH aNEW DELHIbTMHc1990 aXI;949 aQuantity Number: 1 aElectrical cBK 00104070aTATCLbTATCLcGENd2023-05-24l0o681.2 DOEp8952r2023-05-24w2023-05-24yBKzPCEE4202 c32474d32474